[Event "Tyros-Chargers, b1"]
[Site "?"]
[Date "2003.05.17"]
[Round "2"]
[White "Stein, Pete"]
[Black "Warren, Jim"]
[Result "1-0"]
[WhiteElo "2233"]
[BlackElo "2046"]
[Annotator "Friske,Tom"]
[PlyCount "47"]
[SourceDate "2003.05.17"]

1. d4 Nf6 2. Nc3 d5 3. Bg5 h6 4. Bxf6 exf6 {Diagram #} 5. e3 Bf5 6. Qf3 Be6 7.
a3 c6 8. Bd3 Bd6 9. Nge2 Qd7 10. h3 O-O {Diagram #} 11. g4 c5 12. O-O-O c4 13.
Bf5 Qc6 14. h4 g6 {Diagram #} 15. Nf4 Bxf4 16. Qxf4 g5 17. hxg5 fxg5 {Diagram #
} 18. Qh2 Bxf5 19. gxf5 {BLACK RESIGNED} 19... Kg7 20. Nxd5 $1 {idea of f6+}
20... Rh8 (20... Qxd5 $4 21. Qxh6+ Kg8 22. Qh7#) (20... f6 $4 21. Qxh6+ Kf7 (
21... Kg8 22. Qh7#) 22. Qh7+ Ke8 23. Qe7#) 21. Qe5+ Kh7 (21... Kg8 $2 22. Ne7+)
(21... Kf8 $2 22. Qxh8#) (21... f6 22. Qe7+ Kg8 23. Nxf6+) 22. Nf6+ Kg7 23.
Nh5+ Kf8 (23... Kh7 24. Qg7#) (23... Kg8 24. Qg7#) 24. Qxh8+ 1-0

[Event "Chargers-Tyros, b2"]
[Site "?"]
[Date "2003.05.17"]
[Round "2"]
[White "Marcowka, Bob"]
[Black "Diaz, Pablo"]
[Result "1-0"]
[WhiteElo "1947"]
[BlackElo "2021"]
[Annotator "Friske,Tom"]
[PlyCount "89"]
[SourceDate "2003.05.17"]

1. d4 d5 2. c4 dxc4 3. Nc3 e5 4. Qa4+ c6 5. dxe5 b5 6. Qc2 Qc7 7. Bf4 Ne7 {
Diagram #} 8. Bg3 Nf5 9. e6 Bd6 10. Qxf5 Bxe6 11. Bxd6 Qxd6 12. Qc2 O-O 13. Rd1
Qc5 14. Nf3 Na6 15. e3 Nb4 16. Qc1 Bf5 17. Nd4 Nd3+ 18. Bxd3 Bxd3 19. Nce2 {
Diagram #} 19... Qb6 20. Nf4 c5 21. Nf3 Qa5+ 22. Qd2 Qxa2 23. Nxd3 cxd3 24.
Qxd3 Qa5+ 25. Qd2 b4 26. O-O Qb6 27. b3 a5 28. Ra1 Rfd8 29. Qc2 Qb5 30. Ne5 g6
31. Rfc1 {Diagram #} 31... c4 32. Nxc4 Rac8 33. Qa2 Rd5 34. h3 Rdc5 35. Qa4 Qb7
36. Rd1 (36. Nd6 Rxc1+) 36... Qe7 37. Qd7 Qf6 38. Rxa5 R5c7 39. Qd4 Qe7 {
Diagram #} 40. Nb6 Rb8 41. Nd5 Qd8 42. Nf6+ Kg7 43. Qxd8 Rxd8 44. Nh5+ gxh5 45.
Rxd8 1-0

[Event "Tyros-Chargers, b3"]
[Site "?"]
[Date "2003.05.17"]
[Round "2"]
[White "Stoltz, Bob"]
[Black "Dobrovolny, Chuck"]
[Result "0-1"]
[WhiteElo "1908"]
[BlackElo "1841"]
[Annotator "Friske,Tom"]
[PlyCount "77"]
[SourceDate "2003.05.17"]

1. e4 Nf6 2. e5 Nd5 3. d4 Nc6 4. Nf3 d6 5. h3 Bf5 6. a3 e6 7. Bd3 Bg6 8. O-O
Be7 9. Re1 Qd7 10. b4 dxe5 11. dxe5 {Diagram #} 11... Nb6 12. Bxg6 hxg6 13.
Qxd7+ Nxd7 14. Bb2 Nb6 15. Nc3 Nc4 16. Bc1 {Diagram #} 16... N4xe5 $2 17. Nxe5
Bf6 18. f4 Nd4 19. Ra2 O-O 20. Ne4 Bh4 {Diagram #} 21. g3 Be7 22. Be3 Nf5 23.
Bf2 Rfd8 24. c3 b6 25. Rd2 Rxd2 26. Nxd2 a5 27. Nc6 {Diagram #} 27... axb4 28.
Nxe7+ Nxe7 29. axb4 Ra3 30. Ne4 Nd5 31. Bd4 f5 {Diagram #} 32. Ng5 Nxc3 33.
Rxe6 Kf8 34. Re3 Ra1+ 35. Kg2 Ra2+ 36. Kf3 {Diagram #} 36... Nd1 37. Re2 Ra3+
38. Kg2 Rd3 39. h4 0-1

[Event "Chargers-Tyros, b4"]
[Site "?"]
[Date "2003.05.17"]
[Round "2"]
[White "Thomas, Jerry"]
[Black "Guio, J."]
[Result "0-1"]
[WhiteElo "1583"]
[BlackElo "1898"]
[PlyCount "60"]
[SourceDate "2003.05.17"]

1. e4 c5 2. Nf3 Nc6 3. d4 cxd4 4. Nxd4 Nf6 5. Nc3 e5 6. Nxc6 bxc6 7. Be2 Bb4 8.
Qd3 Qa5 9. Bd2 O-O {Diagram #} 10. a3 d5 11. exd5 cxd5 12. O-O Bxc3 13. Bxc3
Qc7 14. Qg3 Re8 15. Bb5 Bd7 16. Bxd7 Nxd7 17. Rad1 {Diagram #} 17... Qc6 18.
Qd3 d4 19. Bd2 Red8 20. f3 Qb6 21. b4 Rdc8 22. Kh1 Qc6 23. Rc1 Qa4 {Diagram #}
24. c4 dxc3 25. Rxc3 Rxc3 26. Qxc3 Nb6 27. Be3 Kf8 {Diagram #} 28. Qxe5 Re8 29.
Qc3 Nd5 30. Qd2 Nxe3 0-1

[Event "Tyros-Chargers, b5"]
[Site "?"]
[Date "2003.05.17"]
[Round "2"]
[White "Smith, Brian"]
[Black "Stamm, Vern"]
[Result "1-0"]
[WhiteElo "1714"]
[BlackElo "1530"]
[Annotator "Friske,Tom"]
[PlyCount "83"]
[SourceDate "2003.05.17"]

1. d4 g6 2. Bg5 Bg7 3. Qd2 Nf6 4. Nc3 d6 5. e4 O-O 6. Bh6 Nc6 7. Bxg7 Kxg7 8.
O-O-O a6 9. h4 h5 10. f3 e5 {Diagram #} 11. d5 Ne7 12. Nh3 Bxh3 13. Rxh3 Neg8
14. Be2 Nh6 15. Rg1 Qd7 16. Nd1 Kh7 17. Nf2 Rg8 18. g4 hxg4 19. fxg4 {Diagram #
} 19... Qa4 20. g5 Nxe4 21. Nxe4 Qxe4 22. gxh6 Raf8 23. h5 Qd4 24. Qxd4 exd4
25. hxg6+ fxg6 26. Bd3 Rf4 {Diagram #} 27. Bxg6+ $1 Kh8 (27... Rxg6 28. Rxg6
Kxg6 29. h7) 28. Rhg3 Rf6 29. h7 Rg7 30. Kd2 c5 31. dxc6 bxc6 32. Bd3 {
Diagram #} 32... Rxg3 (32... Rxh7 33. Rg8#) 33. Rxg3 Rf2+ 34. Ke1 {Diagram #}
34... Rf8 (34... Rf6 35. Rg8#) 35. Rg8+ Rxg8 36. hxg8=Q+ Kxg8 37. Bxa6 {
Diagram #} 37... Kf7 38. Kd2 Ke6 39. Kd3 Kd5 40. Bb7 Kc5 41. Bxc6 Kxc6 42. Kxd4
1-0

[Event "Chargers-Tyros, b6"]
[Site "?"]
[Date "2003.05.17"]
[Round "2"]
[White "Dobr, K."]
[Black "Hahne, Dave"]
[Result "0-1"]
[WhiteElo "1412"]
[BlackElo "1601"]
[PlyCount "34"]
[SourceDate "2003.05.17"]

1. d4 f5 2. e3 Nf6 3. Nf3 e6 4. Nc3 d5 5. Be2 c6 6. O-O Bd6 7. Ne5 O-O 8. f4
Nbd7 {Diagram #} 9. Rf3 Ne4 10. Qe1 Nxe5 11. dxe5 Bc7 12. b3 Ba5 13. Bb2 g5 {
Diagram #} 14. Bd3 g4 15. Rf1 d4 {Diagram #} 16. exd4 Qxd4+ 17. Qf2 Nxf2 0-1

[Event "Aces-Rooks, b3"]
[Site "?"]
[Date "2003.05.17"]
[Round "2"]
[White "Santiago, Ted"]
[Black "Suarez, Ed"]
[Result "1-0"]
[WhiteElo "2042"]
[BlackElo "1843"]
[PlyCount "55"]
[SourceDate "2003.05.17"]

1. Nf3 Nf6 2. d3 c5 3. g3 d5 4. c3 Nc6 5. Bg2 e5 6. Bg5 Be7 {Diagram #} 7. Bxf6
Bxf6 8. Nbd2 O-O 9. Qc2 Be6 10. h4 d4 11. cxd4 {Diagram #} 11... e4 12. Ng5
Bxg5 13. hxg5 Qxg5 14. d5 Bxd5 15. Nxe4 Bxe4 16. Bxe4 g6 17. Bxc6 bxc6 18. Qd2
Qxd2+ 19. Kxd2 Rad8 20. Kc2 Rfe8 {Diagram #} 21. e3 Rd5 22. Rad1 Rf5 23. Rd2
Re6 24. Rh4 Ref6 25. Rf4 h5 26. Rxf5 Rxf5 27. f4 Rd5 28. e4 {Diagram #} 1-0

[Event "Rooks-Aces, b4"]
[Site "?"]
[Date "2003.05.17"]
[Round "2"]
[White "Baurac, Dave"]
[Black "Allen, H."]
[Result "0-1"]
[WhiteElo "1675"]
[BlackElo "1950"]
[PlyCount "60"]
[SourceDate "2003.05.17"]

1. d4 d5 2. Nf3 Nf6 3. Bf4 Nbd7 4. e3 e6 5. Bd3 Be7 6. Nbd2 c5 7. c3 Qb6 8. Rb1
{Diagram #} 8... c4 9. Bc2 Qa5 10. O-O O-O 11. Ne5 Qa6 12. Qf3 h6 13. Qh3 h5
14. Bg5 g6 15. Qh4 Kg7 16. e4 Re8 17. g4 Qd6 {Diagram #} 18. Nxg6 fxg6 19. e5
Nxe5 20. dxe5 Qxe5 21. Rbe1 Qc7 22. gxh5 Nxh5 23. Nf3 Bxg5 24. Qxg5 {Diagram #}
24... Nf4 25. Kh1 Qf7 26. Rg1 Qf6 27. Ne5 Qxg5 28. Rxg5 Kh6 29. Reg1 Rg8 {
Diagram #} 30. Nxg6 Nh3 0-1

[Event "Aces-Rooks, b5"]
[Site "?"]
[Date "2003.05.17"]
[Round "2"]
[White "Czerniecki, K."]
[Black "Decman, Steve"]
[Result "1-0"]
[WhiteElo "1914"]
[BlackElo "1577"]
[Annotator "Friske,Tom"]
[PlyCount "52"]
[SourceDate "2003.05.17"]

1. e4 g6 2. Nf3 Bg7 3. g3 d6 4. Bg2 Nf6 5. d3 O-O 6. O-O c6 7. Nbd2 {Diagram #}
7... Na6 8. Re1 Be6 9. h3 Qc8 10. Kh2 Nc7 11. Nf1 a5 12. a4 Na6 13. Ne3 b5 14.
axb5 cxb5 15. Rxa5 Qc6 {Diagram #} 16. e5 Nd5 17. c4 (17. Nd4 Qb6 18. Rxb5 Qxd4
19. Nxd5) 17... bxc4 18. Nxc4 Nc5 19. Nd4 Qc7 20. Rxa8 Rxa8 {Diagram #} 21. b4
Nc3 22. Qc2 Ra2 23. Qxc3 Nxd3 24. Nxe6 fxe6 25. Qxd3 Rxf2 26. exd6 exd6 {
Diagram #} 1-0

[Event "Getco-Knights, b1"]
[Site "?"]
[Date "2003.05.17"]
[Round "3"]
[White "Volynskiy"]
[Black "Morris, Robert"]
[Result "1-0"]
[WhiteElo "2575"]
[BlackElo "2196"]
[PlyCount "91"]
[SourceDate "2003.05.17"]

1. e4 e5 2. Nf3 Nc6 3. Bc4 Nf6 4. d4 {Diagram #} 4... exd4 5. e5 d5 6. Bb5 Ne4
7. Nxd4 Bd7 8. Bxc6 bxc6 9. O-O Be7 10. f3 Nc5 11. f4 Ne4 12. f5 c5 13. Ne2 {
Diagram #} 13... Bc6 14. Nd2 Nxd2 15. Bxd2 Bg5 16. Ng3 h5 {Diagram #} 17. f6
Bxd2 18. Qxd2 g6 19. Qa5 Qd7 20. Qxc5 Rh7 21. Ne2 Bb5 22. Rfe1 Bxe2 23. Rxe2
O-O-O {Diagram #} 24. Rd1 a6 25. Red2 Qb5 26. Qxb5 axb5 27. Rxd5 Rxd5 28. Rxd5
c6 29. Rd6 Kc7 30. Kf2 Rh8 31. Ke2 Ra8 32. a3 c5 33. Kf3 Ra7 34. Kf4 Ra4+ 35.
Kg5 {Diagram #} 35... Rg4+ 36. Kh6 Rxg2 37. Kg7 Rxh2 38. Kxf7 h4 39. Rd3 g5 40.
e6 Re2 {Diagram #} 41. e7 g4 42. e8=Q Rxe8 43. Kxe8 g3 44. f7 g2 45. Rd1 h3 46.
f8=Q 1-0

[Event "Knights-Getco, b2"]
[Site "?"]
[Date "2003.05.17"]
[Round "3"]
[White "Fridman, Yuri"]
[Black "Jasaitis, Tony"]
[Result "1/2-1/2"]
[WhiteElo "2142"]
[BlackElo "2107"]
[Annotator "Friske,Tom"]
[PlyCount "98"]
[SourceDate "2003.05.17"]

1. e4 Nf6 2. e5 Nd5 3. c4 Nb6 4. d4 d6 5. exd6 exd6 6. Nf3 Be7 7. Be2 O-O 8.
O-O d5 {Diagram #} 9. c5 N6d7 10. Nc3 c6 11. Bd3 b6 12. cxb6 axb6 13. Re1 Ba6
14. Bc2 Bf6 15. Bf4 Re8 16. Qd2 {Diagram #} 16... Nf8 17. Rxe8 Qxe8 18. Re1 Qd8
19. a3 Ne6 20. Be5 Nd7 21. Bf5 {Diagram #} 21... Ndf8 22. Nd1 g6 23. Bb1 Bg7
24. Bxg7 Kxg7 25. Ne3 f5 {Diagram #} 26. Ne5 Rc8 27. Bxf5 gxf5 28. Nxf5+ Kf6
29. Qh6+ Ng6 30. Nxg6 hxg6 31. Nh4 Qg8 {Diagram #} 32. Nxg6 Kf7 (32... Qxg6 $2
33. Rxe6+ $1) 33. Re3 Rc7 34. Nh8+ Ke7 35. Rg3 Qe8 36. Ng6+ Kd8 37. Ne5 Nxd4
38. Qd6+ Kc8 39. Rg4 Re7 40. Rxd4 Rxe5 {Diagram #} 41. h3 Re1+ 42. Kh2 Qe5+ 43.
Qxe5 Rxe5 44. g4 Kd7 45. Kg3 Ke6 46. Rd2 {Diagram #} 46... Re2 47. Rxe2+ Bxe2
48. Kf4 d4 49. Ke4 c5 1/2-1/2

[Event "Getco-Knights, b3"]
[Site "?"]
[Date "2003.05.17"]
[Round "3"]
[White "Sagalovsky"]
[Black "Thomson, Jim"]
[Result "1/2-1/2"]
[WhiteElo "1955"]
[BlackElo "1981"]
[PlyCount "79"]
[SourceDate "2003.05.17"]

1. e4 c5 2. Nc3 d6 3. g3 Nc6 4. Bg2 g6 5. d3 Bg7 6. Be3 Nf6 7. h3 O-O 8. Nge2
e5 9. O-O Be6 10. f4 Nd4 {Diagram #} 11. g4 Nxe2+ 12. Nxe2 exf4 13. Nxf4 Nd7
14. c3 Ne5 15. Qe2 Qd7 16. Nxe6 fxe6 17. d4 cxd4 18. cxd4 Nc6 {Diagram #} 19.
Rxf8+ Kxf8 20. Rd1 a6 21. a3 Kg8 22. b4 b5 23. Qa2 Ne7 24. Bg5 Rc8 25. Be3 Rc3
26. Bf2 Qc8 27. Rd2 g5 28. Kh2 Ng6 29. Bg3 Nf4 {Diagram #} 30. h4 Nxg2 31. Kxg2
gxh4 32. Bxh4 Qc4 33. Bg3 d5 34. exd5 exd5 35. Qxc4 dxc4 36. d5 {Diagram #}
36... Rd3 37. Rxd3 cxd3 38. Kf3 d2 39. Ke2 Bh6 40. Be5 1/2-1/2

[Event "Knights-Getco, b4"]
[Site "?"]
[Date "2003.05.17"]
[Round "3"]
[White "Balicki, Jeff"]
[Black "Rauchman, M."]
[Result "0-1"]
[WhiteElo "1759"]
[BlackElo "1971"]
[Annotator "Friske,Tom"]
[PlyCount "62"]
[SourceDate "2003.05.17"]

1. e4 c5 2. d4 cxd4 3. c3 dxc3 4. Nxc3 Nc6 5. Nf3 e6 6. Bc4 Qc7 7. O-O Nf6 8.
Be3 a6 9. Rc1 Be7 10. Bb3 O-O {Diagram #} 11. Nd5 exd5 12. exd5 Ng4 13. Bg5
Bxg5 14. d6 Qd8 15. Rc5 Bf6 16. Rh5 g6 17. Rh3 b5 18. Qc2 Nge5 19. Kh1 {
Diagram #} 19... Nxf3 20. gxf3 Bg7 21. Qe4 Bb7 22. Qg4 Ne5 23. Qg2 Qf6 24. Bd1
Rac8 25. Be2 Rc2 26. Re1 Rfc8 27. Kg1 {Diagram #} 27... Rxe2 $1 28. Kf1 (28.
Rxe2 $2 Rc1+ 29. Qf1 Rxf1+ 30. Kxf1) 28... Rxe1+ 29. Kxe1 Nd3+ 30. Kd2 {
Diagram #} 30... Qxb2+ 31. Kxd3 Rc3# 0-1

[Event "Getco-Knights, b5"]
[Site "?"]
[Date "2003.05.17"]
[Round "3"]
[White "Seet, Paul"]
[Black "Augsburger, Len"]
[Result "0-1"]
[WhiteElo "1830"]
[BlackElo "1773"]
[PlyCount "58"]
[SourceDate "2003.05.17"]

1. e4 c6 2. d4 d5 3. Nc3 dxe4 4. Nxe4 Nf6 5. Ng5 h6 6. N5f3 Bf5 7. Ne2 e6 {
Diagram #} 8. Ng3 Bh7 9. Bd3 Bxd3 10. Qxd3 Bd6 11. O-O O-O 12. c4 c5 13. Be3
cxd4 14. Nxd4 Bxg3 15. hxg3 {Diagram #} 15... e5 16. Qb3 exd4 17. Qxb7 dxe3 18.
Qxa8 exf2+ 19. Rxf2 {Diagram #} 19... Qd4 20. Raf1 Ne4 21. g4 Nd7 22. Qb7 Ndf6
23. g5 hxg5 24. g4 {Diagram #} 24... Nxf2 25. Qg2 N6xg4 26. b4 Qxc4 {Diagram #}
27. Rxf2 Qd4 28. Kh1 Nxf2+ 29. Qxf2 Qxf2 0-1

[Event "Knights-Getco, b6"]
[Site "?"]
[Date "2003.05.17"]
[Round "3"]
[White "Karandikar, Shekar"]
[Black "Kratka, Mike"]
[Result "1/2-1/2"]
[WhiteElo "1577"]
[BlackElo "1665"]
[PlyCount "92"]
[SourceDate "2003.05.17"]

1. d4 d5 2. c4 e6 3. Nc3 Nf6 4. Nf3 c6 5. e3 Nbd7 6. c5 Qc7 7. Be2 Be7 8. Qc2
e5 9. b4 b6 10. O-O {Diagram #} 10... e4 11. Nd2 O-O 12. f3 exf3 13. Nxf3 Ne8
14. Bd3 Ndf6 15. e4 dxe4 16. Nxe4 {Diagram #} 16... g6 17. Bh6 Ng7 18. Ne5 Ng4
19. Nxg4 Bxg4 20. Bf4 Qd8 21. Nd6 Bd7 22. Qb3 b5 23. a4 Be6 24. Qc3 a6 25. axb5
axb5 26. Be4 Bd7 27. Rxa8 Qxa8 {Diagram #} 28. Nxb5 f5 29. Bf3 g5 30. Nc7 Qd8
31. Bd6 {Diagram #} 31... g4 32. Be2 Bxd6 33. cxd6 Ne8 34. Bc4+ Kg7 35. d5+ Qf6
36. Qxf6+ Rxf6 37. Nxe8+ Bxe8 38. Re1 cxd5 39. Bxd5 Rxd6 40. Rxe8 Rxd5 {
Diagram #} 41. Re1 Rb5 42. Rb1 Kf6 43. Kf2 f4 44. h3 h5 45. hxg4 hxg4 46. Rb3
Kf5 {Diagram #} 1/2-1/2

[Event "Kings-Tyros, b1"]
[Site "?"]
[Date "2003.05.17"]
[Round "3"]
[White "Melnikov, Igor"]
[Black "Stein, Pete"]
[Result "1/2-1/2"]
[WhiteElo "2055"]
[BlackElo "2233"]
[PlyCount "93"]
[SourceDate "2003.05.17"]

1. d4 Nf6 2. c4 g6 3. Nc3 Bg7 4. e4 d6 5. Nf3 O-O 6. Be2 e5 7. dxe5 dxe5 8. Qc2
Nc6 9. Nd5 h6 10. Be3 Nxd5 11. cxd5 Nd4 12. Nxd4 exd4 {Diagram #} 13. Bf4 c6
14. d6 g5 15. Bg3 Qa5+ 16. Qd2 Qxd2+ 17. Kxd2 Re8 18. Bd3 Bg4 19. Rac1 Rad8 20.
Rc5 Bf8 21. e5 f6 {Diagram #} 22. Bg6 Re6 23. f3 fxe5 24. Bd3 Bxd6 25. Rcc1 {
Diagram #} 25... b5 26. fxg4 Bb4+ 27. Kd1 e4 28. Bb1 d3 29. a3 d2 30. Ba2
dxc1=Q+ 31. Kxc1 Bd2+ 32. Kc2 {Diagram #} 32... Kf7 33. Be1 e3 34. Kb1 Ke7 35.
Bxe6 Kxe6 36. Bxd2 Rxd2 37. Re1 Rxg2 38. Rxe3+ Kd5 39. Rh3 Rxg4 40. Rxh6 a5 41.
Rg6 c5 {Diagram #} 42. h4 Rxh4 43. Rxg5+ Kc4 44. Rg2 Rh3 45. Kc2 a4 46. Rg4+
Kd5 47. Rg5+ {Diagram #} 1/2-1/2

[Event "Tyros-Kings, b2"]
[Site "?"]
[Date "2003.05.17"]
[Round "3"]
[White "Diaz, Pablo"]
[Black "Wallach, Cliff"]
[Result "1-0"]
[WhiteElo "2021"]
[BlackElo "2001"]
[PlyCount "37"]
[SourceDate "2003.05.17"]

1. e4 e5 2. Nc3 Nf6 3. f4 d5 4. fxe5 Nxe4 5. d3 {Diagram #} 5... Qh4+ 6. g3
Nxg3 7. Nf3 Qh5 8. Nxd5 Nxh1 9. Nxc7+ Kd8 10. Nxa8 {Diagram #} 10... Be7 11.
Bg2 Bh4+ 12. Kf1 Ng3+ 13. hxg3 Bxg3 14. Bg5+ {Diagram #} 14... Kd7 15. Qe2 b6
16. e6+ fxe6 {Diagram #} 17. Ne5+ Kd6 18. Nc4+ Kd7 19. Qxh5 1-0

[Event "Kings-Tyros, b3"]
[Site "?"]
[Date "2003.05.17"]
[Round "3"]
[White "Samelson, Chris"]
[Black "Stoltz, Bob"]
[Result "0-1"]
[WhiteElo "1929"]
[BlackElo "1908"]
[Annotator "Friske,Tom"]
[PlyCount "86"]
[SourceDate "2003.05.17"]

1. e4 d5 2. exd5 Qxd5 3. Nc3 Qd6 4. Nf3 Nf6 5. d4 c6 6. Bc4 Bg4 {Diagram #} 7.
d5 b5 8. Be2 b4 9. Na4 Nxd5 10. O-O e6 11. Qd4 Nf6 12. Rd1 Qxd4 13. Rxd4 Nbd7
14. h3 Bf5 {Diagram #} 15. Rc4 Be4 16. Bf4 Be7 17. c3 Bd5 18. Rd4 O-O 19. cxb4
Bxf3 20. Bxf3 e5 {Diagram #} 21. Rxd7 Nxd7 22. Bd2 Rac8 23. Rc1 c5 24. b5 (24.
bxc5) 24... Nb6 25. Nc3 Rfd8 26. Rc2 {Diagram #} 26... f5 27. Bc6 Rd6 28. a4
Rcd8 29. Be1 Bf8 30. b3 Nc8 31. a5 Ne7 32. Bb7 Rd3 33. b6 axb6 34. a6 Nc8 35.
Bxc8 Rxc8 36. Ra2 Ra8 37. a7 {Diagram #} 37... Be7 38. Nb5 Bd8 39. Ra3 c4 40.
Bb4 Kf7 41. Bd6 cxb3 42. Bxe5 {Diagram #} 42... Rd5 43. Bc7 Rxb5 0-1

[Event "Tyros-Kings, b4"]
[Site "?"]
[Date "2003.05.17"]
[Round "3"]
[White "Guio, Julian"]
[Black "Piparia, Jankesh"]
[Result "1/2-1/2"]
[WhiteElo "1898"]
[BlackElo "1927"]
[Annotator "Friske,Tom"]
[PlyCount "48"]
[SourceDate "2003.05.17"]

1. e4 e6 2. d4 d5 3. exd5 exd5 4. Bd3 Nf6 5. Bg5 Be7 6. Nf3 O-O 7. O-O Bg4 8.
Nbd2 Nc6 9. c3 h6 10. Bh4 Nh7 11. Bxe7 Nxe7 12. Re1 {Diagram #} 12... Ng5 13.
Qc2 Nxf3+ 14. Nxf3 Bxf3 15. gxf3 Qd6 16. Re3 Ng6 17. Bxg6 fxg6 18. Rae1 Rf6 19.
Re8+ Rxe8 20. Rxe8+ Kf7 21. Qe2 {Diagram #} 21... Qd7 (21... Re6) 22. Re5 Re6
23. Kg2 Rxe5 24. Qxe5 Qd6 1/2-1/2

[Event "Kings-Tyros, b5"]
[Site "?"]
[Date "2003.05.17"]
[Round "3"]
[White "Cygan, Joe"]
[Black "Smith, Brian"]
[Result "1-0"]
[WhiteElo "1825"]
[BlackElo "1714"]
[Annotator "Friske,Tom"]
[PlyCount "41"]
[SourceDate "2003.05.17"]

1. e4 c5 2. Nf3 Nf6 3. e5 Nd5 4. Bc4 e6 5. Bxd5 exd5 6. d4 d6 7. O-O Be7 {
Diagram #} 8. exd6 Qxd6 9. Nc3 c4 10. Re1 O-O 11. Bf4 Qxf4 12. Nxd5 Qd6 {
Diagram #} 13. Nxe7+ Kh8 14. Nxc8 Rxc8 15. Ne5 Kg8 16. Nxc4 Qc7 17. Qd3 {
Diagram #} 17... Nc6 (17... Qxc4 $4 18. Qxc4 Rxc4 19. Re8#) 18. a3 Nxd4 $2 19.
Qxd4 Qxc4 {Diagram #} 20. Re8+ $1 Rxe8 21. Qxc4 1-0

[Event "Tyros-Kings, b6"]
[Site "?"]
[Date "2003.05.17"]
[Round "3"]
[White "Hahne, Dave"]
[Black "Goncharoff, Nic"]
[Result "1/2-1/2"]
[WhiteElo "1601"]
[BlackElo "1687"]
[Annotator "Friske,Tom"]
[PlyCount "113"]
[SourceDate "2003.05.17"]

1. d4 d5 2. c4 e6 3. Nc3 c6 4. Nf3 h6 5. e3 Nf6 6. Bd3 Be7 7. O-O O-O {
Diagram #} 8. e4 dxe4 9. Nxe4 Nbd7 10. Bf4 Nxe4 11. Bxe4 {Diagram #} 11... f5
12. Bc2 Nf6 13. Qe2 Bd6 14. Bxd6 Qxd6 15. Rad1 a6 16. Rfe1 Bd7 17. Ne5 Bc8 18.
h3 Nd7 19. Ng6 Rf6 20. Ne5 Rf8 21. Nf3 Nf6 22. Bb3 Kh7 23. Ne5 Nd7 24. Qh5 {
Diagram #} 24... Nxe5 25. dxe5 Qe7 26. Rd6 Bd7 27. Red1 Be8 28. Qe2 c5 29. Bc2
Bc6 30. Qe3 Rae8 31. Qxc5 Qg5 32. g3 Qh5 {Diagram #} 33. Kh2 Qf3 34. Rg1 Rf7
35. Bd1 Qe4 36. Rd4 Qb1 37. Qa3 f4 38. Rxf4 (38. Qb3 $2 {idea of Bc2} 38...
fxg3+ 39. Rxg3 Rxf2+ 40. Kg1 Rxb2) 38... Rxf4 39. gxf4 Qf5 40. Qg3 g5 41. Be2
Rf8 42. Bd3 {Diagram #} 42... Be4 43. Bxe4 Qxe4 44. Qg2 Qxf4+ 45. Kh1 Qf3 46.
Qxf3 Rxf3 {Diagram #} 47. Rd1 (47. Kg2 Rd3 48. b3 Rd2 49. Ra1) 47... Rf7 48.
Kg2 b5 49. Rd6 Re7 50. Kg3 Kg6 51. Kg4 h5+ 52. Kf3 Kf5 53. c5 Kxe5 54. Ke3 Rc7
55. b4 a5 56. a3 axb4 57. axb4 {Diagram #} 1/2-1/2

[Event "Pawns-Aces, b3"]
[Site "?"]
[Date "2003.05.17"]
[Round "3"]
[White "Fabijonas, Romas"]
[Black "Santiago, Ted"]
[Result "0-1"]
[WhiteElo "1701"]
[BlackElo "2042"]
[PlyCount "56"]
[SourceDate "2003.05.17"]

1. e4 d6 2. Nc3 c6 3. Nf3 Bg4 4. Be2 Bxf3 5. Bxf3 g6 6. d3 Bg7 7. Bd2 Nd7 8.
Rb1 Qc7 9. O-O {Diagram #} 9... h5 10. h4 e5 11. g3 Nf8 12. Kg2 Ne6 13. Rh1 Nh6
14. Qc1 Qd7 15. Qd1 Nd4 16. Be3 Nxf3 17. Qxf3 Ng4 18. Bd2 O-O {Diagram #} 19.
Qe2 f5 20. f3 Nh6 21. f4 Ng4 22. Rbf1 exf4 23. Bxf4 Rae8 24. Qd2 Bxc3 25. Qxc3
fxe4 26. dxe4 Rxe4 27. Re1 {Diagram #} 27... Rfe8 28. Qd3 Rxe1 0-1

[Event "Aces-Pawns, b4"]
[Site "?"]
[Date "2003.05.17"]
[Round "3"]
[White "Allen, H."]
[Black "Litvinas, Al"]
[Result "1-0"]
[WhiteElo "1950"]
[BlackElo "1633"]
[Annotator "Friske,Tom"]
[PlyCount "53"]
[SourceDate "2003.05.17"]

1. d4 Nf6 2. c4 g6 3. Nc3 Bg7 4. e4 d6 5. Bd3 c5 6. d5 O-O 7. Nge2 e5 8. O-O
Ne8 {Diagram #} 9. f4 f5 10. Kh1 fxe4 11. Nxe4 Bf5 12. N2g3 Bxe4 13. Nxe4 Nd7
14. Ng5 Nc7 {Diagram #} 15. f5 Rf6 16. fxg6 (16. Ne6) 16... hxg6 17. Be3 Nf8
18. Ne4 Rxf1+ 19. Qxf1 {Diagram #} 19... Ne8 20. Bg5 Qd7 21. Qf3 Nh7 22. Rf1
Bf8 23. Nf6+ Nexf6 24. Bxf6 Nxf6 25. Qxf6 {Diagram #} 25... Qg7 26. Qe6+ Kh8
27. Bxg6 1-0

[Event "Aces-Pawns, b6"]
[Site "?"]
[Date "2003.05.17"]
[Round "3"]
[White "Franek, Marty"]
[Black "Mikulecky, Bob"]
[Result "1/2-1/2"]
[WhiteElo "1745"]
[BlackElo "1467"]
[Annotator "Friske,Tom"]
[PlyCount "79"]
[SourceDate "2003.05.17"]

1. d4 d5 2. c4 Nc6 3. e3 Nf6 4. Nf3 Bf5 5. a3 e6 6. Nc3 Be7 7. cxd5 exd5 8. Bd3
Be6 9. O-O h6 10. h3 O-O 11. Qc2 Qc8 {Diagram #} 12. Nh2 Bd6 13. f4 Ne7 {
DRAW AGREED, but players played on} 14. g4 Ne8 15. e4 c6 16. e5 Bc7 17. f5 Bd7
{Diagram #} 18. f6 Nxf6 19. exf6 Bxh2+ 20. Kxh2 Bxg4 21. fxe7 Re8 22. Bf5 Bxf5
23. Qxf5 Rxe7 24. Qxc8+ Rxc8 25. Bd2 Rce8 26. Rae1 {Diagram #} 26... f6 27.
Rxe7 Rxe7 28. Re1 Rf7 29. Re8+ Kh7 30. Kg3 g5 31. Na4 f5 32. Nc5 f4+ 33. Kf3 h5
34. Ne6 {Diagram #} 34... g4+ 35. hxg4 hxg4+ 36. Kxg4 f3 37. Ng5+ Kg6 38. Nxf7
f2 39. Ne5+ Kg7 40. Bh6+ (40. Re7+ Kg8 41. Rf7) 1/2-1/2

[Event "Pawns-Aces, b5"]
[Site "?"]
[Date "2003.05.17"]
[Round "3"]
[White "O'Dell, Dave"]
[Black "Czerniecki, K."]
[Result "0-1"]
[WhiteElo "1493"]
[BlackElo "1914"]
[PlyCount "52"]
[SourceDate "2003.05.17"]

1. e4 d6 2. d4 g6 3. f4 Bg7 4. Nf3 c5 5. c3 Nd7 6. Bc4 Nb6 {Diagram #} 7. Bb3
c4 8. Bc2 Nf6 9. O-O O-O 10. e5 Ng4 {Diagram #} 11. Nbd2 Ne3 12. Qe2 Nxc2 13.
Rb1 Bf5 14. Ne4 d5 {Diagram #} 15. Ng3 Bd3 16. Qd2 Nxd4 17. Ra1 Bxf1 18. Nxf1
Nb5 19. Ne3 e6 20. Qf2 Na4 21. Qc2 Nb6 22. a4 Nc7 23. b4 Nc8 24. Ba3 b5 25. Bc1
{Diagram #} 25... bxa4 26. Rxa4 Qd7 0-1

[Event "Chargers-Rooks, b1"]
[Site "?"]
[Date "2003.05.17"]
[Round "3"]
[White "Warren, Jim"]
[Black "Benedek, Roy"]
[Result "1/2-1/2"]
[WhiteElo "2046"]
[BlackElo "2164"]
[PlyCount "74"]
[SourceDate "2003.05.17"]

1. d4 Nf6 2. c4 g6 3. Nc3 Bg7 4. e4 d6 5. f3 O-O 6. Be3 c5 7. Nge2 {Diagram #}
7... cxd4 8. Nxd4 Nc6 9. Qd2 Nxd4 10. Bxd4 Be6 11. Nd5 Bxd5 12. cxd5 {Diagram #
} 12... Nd7 13. Bxg7 Kxg7 14. Be2 Qb6 15. O-O-O Rac8+ 16. Kb1 Qf2 17. Qd4+ Qxd4
18. Rxd4 {Diagram #} 18... f5 19. Bd3 f4 20. Rc1 Rxc1+ 21. Kxc1 Rc8+ 22. Rc4
Rxc4+ 23. Bxc4 Kf6 24. Kd2 Ke5 25. Kc3 g5 26. h3 h5 27. Be2 {Diagram #} 27...
Nf6 28. b4 g4 29. hxg4 hxg4 30. Kd3 gxf3 31. gxf3 Nd7 32. a4 Kf6 33. Kd2 Kg5
34. Ke1 Kf6 35. Kd2 Ke5 36. Kd3 {Diagram #} 36... Nf8 37. Bf1 Nh7 1/2-1/2